Central Library OPAC University of Rajshahi

Advances in organic chemistry. (Record no. 14109)

MARC details
000 -LEADER
fixed length control field 01344cas a2200385 a 4500
001 - CONTROL NUMBER
control field 14109
003 - CONTROL NUMBER IDENTIFIER
rucl marc code BD-RjUL
005 - DATE AND TIME OF LATEST TRANSACTION
control field 20211208235555.0
008 - FIXED-LENGTH DATA ELEMENTS--GENERAL INFORMATION
fixed length control field 140205d1960 nyuuu m b 0 1 a0eng c
030 ## - CODEN DESIGNATION
CODEN AOMRA7
035 ## - SYSTEM CONTROL NUMBER
System control number (bd-rjul)14161
040 ## - CATALOGING SOURCE
Original cataloging agency MnMULS
Transcribing agency MnMULS
Modifying agency NSDP
-- DLC
-- OCoLC
-- AIP
-- OCoLC
-- NST
-- MH
-- NSDP
-- NST
-- DNLM
-- OCoLC
-- NLGGC
-- CaQQL
-- OCoLC
-- DNLM
-- NIALS
-- DNAL
-- OCoLC
Language of cataloging eng
041 ## - LANGUAGE CODE
Language code of text/sound track or separate title eng
060 00 - NATIONAL LIBRARY OF MEDICINE CALL NUMBER
Classification number W1
Item number AD692
070 0# - NATIONAL AGRICULTURAL LIBRARY CALL NUMBER
Classification number 381
Item number Ad95
072 #0 - SUBJECT CATEGORY CODE
Subject category code X500
082 00 - DEWEY DECIMAL CLASSIFICATION NUMBER
Classification number 547
Author mark and year ADV 1960
245 00 - TITLE STATEMENT
Title Advances in organic chemistry.
Number of part/section of a work V-1
260 ## - PUBLICATION, DISTRIBUTION, ETC. (IMPRINT)
Place of publication, distribution, etc. New York :
Name of publisher, distributor, etc. Interscience Publishers,
Date of publication, distribution, etc. 1960
300 ## - PHYSICAL DESCRIPTION
Pagination v.387 p. :
Illustrations diagrs. ;
Size 24 cm.
500 ## - GENERAL NOTE
General note Final issue consulted.
504 ## - BIBLIOGRAPHY, ETC. NOTE
Bibliography, etc Includes includes and bibliographical references.
510 2# - CITATION/REFERENCES NOTE
Name of source Chemical abstracts
International Standard Serial Number 0009-2258
650 #0 - SUBJECT ADDED ENTRY--TOPICAL TERM
Topical term or geographic name as entry element Chemistry, Organic.
9 (RLIN) 44074
Topical term or geographic name as entry element Chemistry, Organic
Form subdivision Periodicals.
9 (RLIN) 32031
Topical term or geographic name as entry element Organische chemie.
Source of heading or term gtt
9 (RLIN) 33494
Topical term or geographic name as entry element Chimie organique.
9 (RLIN) 44075
700 1# - ADDED ENTRY--PERSONAL NAME
Personal name Raphael, Ralph Alexander,
Dates associated with a name 1921-
Relator term ed.
936 ## - OCLC/CONSER MISCELLANEOUS DATA (OCLC); PIECE USED FOR CATALOGING (pre-AACR2) (RLIN)
OCLC control number(s) of parallel record(s) (OCLC); Piece used for cataloging, PUC (RLIN) Unknown
942 ## - ADDED ENTRY ELEMENTS (KOHA)
Source of classification or shelving scheme Dewey Decimal Classification
Koha item type Books
Holdings
Lost status Source of classification or shelving scheme Materials specified (bound volume or other part) Damaged status Not for loan Collection code Permanent Location Current Location Shelving location Date acquired Source of acquisition Cost, normal purchase price Total Checkouts Full call number Date last seen Copy number Koha item type
  Dewey Decimal Classification V-1     Non-fiction Central Library, University of Rajshahi Central Library, University of Rajshahi   26/01/1963 Zeitlinger 211.00   547 ADV 1960 05/02/2014 C-2 Books